Dominance factor: (Record no. 240987)
[ view plain ]
| 000 -LEADER | |
|---|---|
| fixed length control field | 01529nam a22002417a 4500 |
| 005 - DATE AND TIME OF LATEST TRANSACTION | |
| control field | 20260305102827.0 |
| 008 - FIXED-LENGTH DATA ELEMENTS--GENERAL INFORMATION | |
| fixed length control field | 260303b |||||||| |||| 00| 0 eng d |
| 020 ## - INTERNATIONAL STANDARD BOOK NUMBER | |
| International Standard Book Number | 0915556316 |
| 040 ## - CATALOGING SOURCE | |
| Transcribing agency | AL |
| 041 ## - LANGUAGE CODE | |
| Language code of text/sound track or separate title | English |
| 082 ## - DEWEY DECIMAL CLASSIFICATION NUMBER | |
| Classification number | 153.1 |
| Item number | HAND |
| 100 ## - MAIN ENTRY--PERSONAL NAME | |
| Personal name | Carla Hannaford |
| 100 ## - MAIN ENTRY--PERSONAL NAME | |
| 9 (RLIN) | 257697 |
| 245 ## - TITLE STATEMENT | |
| Title | Dominance factor: |
| Remainder of title | how knowing your dominant eye brain hand and foot can improve your learning |
| 260 ## - PUBLICATION, DISTRIBUTION, ETC. | |
| Place of publication, distribution, etc. | Arlington |
| Name of publisher, distributor, etc. | Great Ocean Publishers |
| Date of publication, distribution, etc. | 1997 |
| 300 ## - PHYSICAL DESCRIPTION | |
| Extent | 176p. |
| Other physical details | PB |
| Dimensions | 18.5x19cm. |
| 365 ## - TRADE PRICE | |
| Price type code | IN-9731 |
| Price amount | ₹3036.00 |
| Currency code | ₹ |
| Unit of pricing | ₹1671.00 |
| Price effective from | 14-01-2026 |
| 520 ## - SUMMARY, ETC. | |
| Summary, etc. | Explores an area that has long intrigued scientists and educators: the linkages between the side of the body we favor for seeing, hearing, touching, and moving and the way we think, learn, play, and relate to others. Your Dominance Profile is actually a key factor in shaping the way you think and act. Carla hannaford shows why, and reveals how knowing your Profile will help you, and your children, to l earn in the way that suits you best, and perform at your highest level. The Dominance Factor clearly explains methods for discovering your Profilethat are so simple, non-invasive and easy to learn that even a child can do them. This is a book that parents, teachers, and all of us who need to understand what makes ourselves and others tick, will use and enjoy. |
| 650 ## - SUBJECT ADDED ENTRY--TOPICAL TERM | |
| Topical term or geographic name entry element | Cognitive Styles |
| 9 (RLIN) | 257586 |
| 650 ## - SUBJECT ADDED ENTRY--TOPICAL TERM | |
| Topical term or geographic name entry element | Cerebral Dominance |
| 9 (RLIN) | 257587 |
| 650 ## - SUBJECT ADDED ENTRY--TOPICAL TERM | |
| Topical term or geographic name entry element | Left and Right (Psychology) |
| 9 (RLIN) | 257588 |
| 650 ## - SUBJECT ADDED ENTRY--TOPICAL TERM | |
| Topical term or geographic name entry element | Mind and Body |
| 9 (RLIN) | 257589 |
| 942 ## - ADDED ENTRY ELEMENTS (KOHA) | |
| Source of classification or shelving scheme | Dewey Decimal Classification |
| Koha item type | Book |
| Withdrawn status | Lost status | Source of classification or shelving scheme | Damaged status | Not for loan | Collection code | Home library | Current library | Shelving location | Date acquired | Source of acquisition | Cost, normal purchase price | Total Checkouts | Full call number | Barcode | Date last seen | Cost, replacement price | Price effective from | Koha item type |
|---|---|---|---|---|---|---|---|---|---|---|---|---|---|---|---|---|---|---|
| Dewey Decimal Classification | Psychology | St Aloysius Library | St Aloysius Library | Stack Section | 02/11/2026 | amazon.in | 1671.60 | 153.1 HAND | 078086 | 03/03/2026 | 3036.00 | 01/14/2026 | Book |